| 000 | 00660nam a2200193Ia 4500 | ||
|---|---|---|---|
| 003 | GCL | ||
| 008 | 140319s9999 xx 000 0 ara d | ||
| 040 |
_aGCL / _cGCL |
||
| 082 | 0 | 4 |
_a953 _bح م |
| 100 | 1 | _aحسان حلاق | |
| 245 | 1 | 0 |
_aمدن وشعوب اسلامية: ملامح من تاريخ المدن والشعوب الاسلامية / _cحسان حلاق |
| 260 |
_a[S.N] : _bدار الراتب الجامعية ، _c1992 |
||
| 300 | _a444 ص | ||
| 490 |
_aسلسلة سوفنير _v0 |
||
| 650 | 0 | 4 | _aالتاريخ الاسلامى |
| 650 | 0 | 4 | _aالدول الاسلامية |
| 650 | 0 | 4 | _aالعالم الاسلامى |
| 942 |
_2ddc _cBK |
||
| 999 |
_c52623 _d52623 |
||